Paroles Ferme les yeux et imagine-toi - Statistiques

Statistiques générales
  • Ce quiz a été pris 33 fois
  • Le résultat moyen est 243 sur 500
Statistiques - réponses
Réponse % Correct
à
91%
a
91%
et
91%
le
91%
est
87%
ferme
87%
Ferme
87%
imagine
87%
Imagine
87%
(Imagine)
87%
les
87%
toi.
87%
toi
87%
Tu
87%
tu
87%
yeux
87%
yeux,
87%
sa
83%
on
78%
On
78%
ta
78%
ce
74%
de
74%
ne
74%
nous
74%
pas
74%
pas.
74%
pas,
74%
se
74%
en
70%
par
70%
vie
70%
la
65%
mais
65%
peu
65%
que
65%
sans
65%
un
65%
Ça
61%
ça
61%
ça,
61%
ça!
61%
61%
ou
61%
son
61%
tant
61%
ces
57%
dans
57%
main
57%
qui
57%
tout
57%
très
57%
trés
57%
belle.
52%
bien
52%
plaindre.
52%
ils
52%
plaindre.
52%
pour
52%
sait
52%
tes
52%
touche
52%
autres,
48%
autres
48%
comme
48%
c'qui
48%
je
48%
maintenant
48%
Maintenant
48%
moi
48%
moi,
48%
ose
48%
Soprano
48%
sous
48%
s'passe
48%
une
48%
ailleurs,
43%
ailleurs
43%
avec
43%
eau
43%
n'arrive
43%
peut
43%
qu'aux
43%
des
39%
du
39%
embouteillages,
39%
mon
39%
n'réalise
39%
Relativise,
39%
toute
39%
verras
39%
Afrique,
35%
Blacko
35%
loin
35%
loin.
35%
part
35%
quelque
35%
sont
35%
ton
35%
voiture
35%
cette
30%
dorénavant.
30%
hommes
30%
pays
30%
périphérique,
30%
plus
30%
ses
30%
sur
30%
avant
26%
Avant
26%
bêtes
26%
faire,
26%
Fermes
26%
jours
26%
Ouvre
26%
Paris
26%
puissent
26%
soleil
26%
trafic,
26%
bloqué
22%
brûlé
22%
c'est
22%
contre
22%
Dieu
22%
d'insulter
22%
leurs
22%
l'homme
22%
mains
22%
nos
22%
paître
22%
politiques
22%
Psy 4
22%
rafraîchir,
22%
réfléchis
22%
simple
22%
toutes
22%
vois
22%
accomplir,
17%
autrement?
17%
bronzes,
17%
canons,
17%
conspiration,
17%
détritus,
17%
d'expression
17%
coupable.
17%
dois
17%
dollar
17%
d'une
17%
fièvre,
17%
froid
17%
kalachnikovs
17%
laisse.
17%
l'année
17%
liberté
17%
longue
17%
maladie
17%
marche
17%
mourir
17%
pain,
17%
pendant
17%
plains,
17%
pluie,
17%
pot
17%
promènent
17%
réfléchir.
17%
Sniper
17%
Sniper,
17%
treillis,
17%
t'y
17%
aux
13%
bétail
13%
bout
13%
brulent.
13%
canicule,
13%
civilise
13%
connaissent
13%
Crois-tu
13%
d'autres
13%
d'bouffe
13%
désertique,
13%
douche
13%
enfermé
13%
épidémies
13%
eux
13%
habitues.
13%
hôpital
13%
incurable,
13%
juste
13%
Madagascar
13%
Mama
13%
mois
13%
plomb.
13%
potable,
13%
Remercions
13%
Saïd
13%
table.
13%
tenir
13%
tirent
13%
t'juge
13%
vies
13%
village
13%
voleurs
13%
vraiment
13%
afin
9%
ans
9%
bati
9%
bornes
9%
brique.
9%
chaussures,
9%
couverture,
9%
deux
9%
Hey
9%
fois
9%
galère,
9%
huit
9%
j'me
9%
l'bus.
9%
luttant
9%
maigre
9%
mise
9%
moments
9%
Natasha
9%
nez
9%
pardon
9%
Pardon
9%
pieds
9%
prisonnier
9%
regardes-tu
9%
réussite,
9%
SMIC,
9%
terre,
9%
tour
9%
trente
9%
troupeau
9%
visage
9%
ASSEDIC.
4%
bons
4%
chaud
4%
chèvres,
4%
dalle.
4%
Dis-moi
4%
d'ordures,
4%
étendue
4%
Galledou
4%
Kampusch,
4%
l'air
4%
lentement
4%
lourd,
4%
montagnes
4%
musique,
4%
ressens,
4%
sale,
4%
sort
4%
3-8,
0%
abimée
0%
allers-retours
0%
bâton.
0%
duvet
0%
Karl
0%
Psy 4,
0%
santé
0%
Aucun quiz correspondant
Distribution des résultats
% des personnes avec chaque résultat
Percentile par nombre de réponses
Votre historique - résultats
Vous n’avez pas pris ce quiz